00542nam a22001575i 4500001000700000003000900007005001700016008004100033040001800074100003200092245008800124260009100212300002200303752002400325852003500349157985ES-MaACL20230906210932.0980721s1879 sp |||| | spa d aAR bspa cAR1 aLópez Bastarán, Manuel.10aRetórica y poética o Literatura preceptiva / cpor Manuel López y Bastarán. aHuesca : b[s.n.], c1979 [i.e. 1879] (fEstab. tip. de la viuda e hijos de Castanera) a303 p. ; c23 cm. aEspaña - dHuesca aES-MaACLjG-12717 z-- Rúst.